| 000 | 00629nam a2200193Ia 4500 | ||
|---|---|---|---|
| 005 | 20230113102236.0 | ||
| 008 | 131103s9999 xx 000 0 und d | ||
| 040 | _aLoreto College | ||
| 041 | _aEnglish | ||
| 082 |
_a814.09 _bEME-KON |
||
| 245 |
_aKanvitz,Milton R.Emerson _b a collection of critical essays _cedited by Milton R. Konvitz and Stephen E.Whicher |
||
| 260 |
_aNew Jersey _bPrentice - Hall _cc 1962 |
||
| 300 | _aviii,184 p. | ||
| 650 | _aEmerson,Ralph Waldo,1803 - 1882 | ||
| 651 | _aAmerican Essays - History and Criticism,19th Century | ||
| 700 | _aWhicher,Stephen E.,ed. | ||
| 850 | _aLCLIB | ||
| 942 | _cBK | ||
| 999 |
_c12122 _d62601 |
||